000 00605nam a2200181Ia 4500
008 151018s9999 xx 000 0 und d
082 _bRBASDV49737
_a303.485
100 _aएम पी कमल
245 _aप्राकृतिक महाविनाश
250 _b1
260 _bमित्तल बुक एजन्सी
_c2009
300 _a216
600 _aएम पी कमल
630 _aप्राकृतिक महाविनाश
700 _aएम पी कमल
730 _aप्राकृतिक महाविनाश
942 _cBOOK
999 _c1048737
_d1048734